Բարթեկ հաղթողը : (Record no. 80257)
[ view plain ]
| 000 -LEADER | |
|---|---|
| fixed length control field | 00900nam a2200217 u 4500 |
| 001 - CONTROL NUMBER | |
| control field | 000228128 |
| 003 - CONTROL NUMBER IDENTIFIER | |
| control field | AM-YeHGA |
| 005 - DATE AND TIME OF LATEST TRANSACTION | |
| control field | 20250618071543.0 |
| 008 - FIXED-LENGTH DATA ELEMENTS--GENERAL INFORMATION | |
| fixed length control field | 030523s1944 ai r 000 0 arm d |
| 040 ## - CATALOGING SOURCE | |
| Original cataloging agency | AM-YeHGA |
| 090 ## - LOCALLY ASSIGNED LC-TYPE CALL NUMBER (OCLC); LOCAL CALL NUMBER (RLIN) | |
| -- | 81525 |
| 100 1# - MAIN ENTRY--PERSONAL NAME | |
| Personal name | Սենկևիչ, Հենրիկ, |
| Dates associated with a name | 1846-1916 |
| 9 (RLIN) | 5647 |
| 245 10 - TITLE STATEMENT | |
| Title | Բարթեկ հաղթողը : |
| Remainder of title | [Պատմվածք] / |
| Statement of responsibility, etc. | Հ. Սենկեվիչ; Թարգմ.՝ Վ. Միրաքյան; Խմբ.՝ Հ. Կարապետյան; Առաջաբ. հեղ.՝ Ն. Գրեկով. |
| 260 ## - PUBLICATION, DISTRIBUTION, ETC. | |
| Place of publication, distribution, etc. | Երևան : |
| Name of publisher, distributor, etc. | Հայպետհրատ, |
| Date of publication, distribution, etc. | 1944. |
| 300 ## - PHYSICAL DESCRIPTION | |
| Extent | 61 էջ ; |
| Dimensions | 14 սմ. |
| 650 14 - SUBJECT ADDED ENTRY--TOPICAL TERM | |
| Topical term or geographic name entry element | Լեհական գրականություն |
| General subdivision | Պատմվածք |
| 700 1# - ADDED ENTRY--PERSONAL NAME | |
| Personal name | Միքայելյան, Վահե Միքայելի, |
| Dates associated with a name | 1900-1967 |
| Relator term | թարգմ. |
| Relationship | trl |
| 9 (RLIN) | 1704 |
| 700 1# - ADDED ENTRY--PERSONAL NAME | |
| Personal name | Կարապետյան, Հ. |
| Relator term | խմբ. |
| Relationship | edt |
| 700 1# - ADDED ENTRY--PERSONAL NAME | |
| Personal name | Գրեկով, Ն. |
| Relator term | առաջաբ. |
| Relationship | aui |
| 942 ## - ADDED ENTRY ELEMENTS (KOHA) | |
| Source of classification or shelving scheme | Universal Decimal Classification |
| Koha item type | Գրքեր / Books |
| Withdrawn status | Lost status | Damaged status | Not for loan | Collection | Home library | Current library | Date acquired | Total checkouts | Full call number | Barcode | Date last seen | Cost, replacement price | Price effective from | Koha item type | Public note |
|---|---|---|---|---|---|---|---|---|---|---|---|---|---|---|---|
| General | Fundamental Scientific Library | Fundamental Scientific Library | 22/12/2016 | AI/5031 | FL0040832 | 22/12/2016 | 2.00 | 22/12/2016 | Գրքեր / Books | 30 Days Loan | |||||
| General | Fundamental Scientific Library | Fundamental Scientific Library | 22/12/2016 | AI/9476 | FL0047271 | 22/12/2016 | 2.00 | 22/12/2016 | Գրքեր / Books | 30 Days Loan | |||||
| General | Fundamental Scientific Library | Fundamental Scientific Library | 22/12/2016 | AI/9477 | FL0047272 | 22/12/2016 | 2.00 | 22/12/2016 | Գրքեր / Books | 30 Days Loan |
ՀՀ Գիտությունների ազգային ակադեմիայի հիմնարար գիտական գրադարան = Fundamental Scientific Library of NAS RA
All site content, except where otherwise noted, is licensed under a